[Event "BL 2016-17"]
[Site "Germany"]
[Date "2017.04.08"]
[Round "11"]
[White "Kraemer, Martin"]
[Black "Kantans, Toms"]
[Result "1/2-1/2"]
[WhiteElo "2574"]
[BlackElo "2449"]
[Annotator "TA"]
[PlyCount "167"]
[EventDate "2017.??.??"]
[EventType "team-tourn"]
[EventCountry "GER"]
[SourceTitle "playchess.com"]
[Source "ChessBase"]
[SourceQuality "1"]
[WhiteTeam "SF Berlin"]
[BlackTeam "Speyer-Schwegenheim"]

{[%evp 18,167,50,43,54,42,38,35,46,32,35,20,52,31,49,17,50,41,53,50,55,22,40,23,59,22,15,44,87,80,67,78,127,29,31,29,41,35,57,4,55,48,62,45,41,58,85,92,191,102,196,210,210,199,357,365,340,94,108,89,109,101,121,66,72,27,27,0,245,242,235,223,168,19,8,16,14,0,0,0,64,64,64,0,0,0,64,61,120,112,123,56,45,8,8,8,8,8,8,0,0,0,0,0,0,0,0,0,0,0,0,0,0,0,0,0,0,0,0,0,0,0,0,0,0,0,0,0,0,0,52,55,50,90,61,8,149,0,280,63,69,45,28,0,8,0,80,0,8,28,29,0]} 1. e4 c5 2. Nf3 d6 3. d4 cxd4 4. Nxd4 Nf6 5. Nc3 a6 6. Be3 Ng4 7. Bc1 Nf6 8. f3 Qb6 9. Nb3 e6 10. Qe2 {LiveBook: 78 Games} Be7 {B90: Sicilian Najdorf: Unusual White 6th moves, 6 Be3 Ng4 and 6 Be3 e5} (10... Qc7 11. g4 b5 12. Be3 b4 13. Nd1 Nc6 14. Bg2 a5 15. Nd4 Nxd4 16. Bxd4 Be7 17. c4 O-O 18. O-O Ba6 {0-1 (66) Saric,I (2637)-Ruck,R (2567) Sibenik 2012}) 11. Be3 Qc7 12. O-O-O b5 {White is slightly better.} 13. g4 Nfd7 14. Kb1 $146 (14. h4 b4 15. Nb1 O-O 16. g5 Nc5 17. Nxc5 dxc5 {1-0 (33) Schuh,D (2246)-Sievert,A (1982) Moehnesee 2003}) 14... Bb7 15. Qf2 O-O 16. h4 Nc5 17. g5 Nbd7 18. h5 b4 19. Ne2 Nxe4 20. fxe4 Bxe4 21. Ng3 Bxh1 22. Nxh1 Ne5 23. Bh3 {[%mdl 1024] White has strong compensation.} Nc4 24. Bc1 Kh8 25. Qe2 (25. g6 $16) 25... a5 $11 26. Nd4 Rab8 27. Ka1 a4 28. Bxe6 (28. Nf2 $14) 28... Nxb2 ({Black should try} 28... fxe6 $11 29. Nxe6 Qc8 30. Nxf8 Bxf8) 29. Bxb2 $14 a3 30. Bc1 {aiming for Qc4.} fxe6 31. Kb1 $1 Rfe8 (31... e5 $6 32. Ne6 Qc3 33. Nxf8 Rxf8 34. Nf2 $16) 32. Nf2 (32. Nxe6 Qc8 $11) 32... Bf8 (32... Rbc8 $16 {is a better defense.}) 33. Ng4 (33. Nxe6 $2 Rbc8 34. Nxc7 Rxe2 $19) (33. h6 $1 $18) 33... Rbc8 (33... e5 $16 34. Nf5 Rec8) 34. h6 $1 $18 Qc4 35. Qh2 (35. Qxc4 Rxc4 36. hxg7+ Bxg7 $11) 35... gxh6 $2 (35... Rc7 36. g6 gxh6) 36. gxh6 (36. Nf6 Re7 $11) 36... e5 37. Ne3 $2 (37. Qf2 $1 $18 {[%cal Rf2f6] and the rest is easy.} Be7 38. Ne3) 37... Qf7 $16 38. Ndf5 Re6 39. Qh3 $1 Rc5 40. Qg4 (40. Rf1 $1 $16 {Nxd6 is the strong threat.} Rf6 41. Qh4) 40... Rf6 $14 41. Qe4 Qe6 {With the idea ...d5.} 42. Ng7 Bxg7 $2 (42... Qf7 $1 $11 {and Black is okay.}) 43. hxg7+ $18 Kxg7 44. Rh1 $1 {[%cal Rh1h7]} (44. Qxb4 $6 Qe8 45. Ka1 (45. Bxa3 $2 Rb5 46. Qb3 Rxb3+ $19) (45. Rg1+ Kh8 46. Ka1 Rc8 $14) 45... Kh8 46. Bxa3 Rc6) 44... h6 45. Rxh6 (45. Qxb4 $6 Rc7 $16) (45. Rg1+ $1 $18 Kh8 46. Qxb4) 45... Rxh6 $11 (45... Kxh6 $2 46. Nf5+ Kg6 47. Nd4+ Qf5 48. Nxf5 (48. Qxf5+ $2 Rxf5 49. Nxf5 Kxf5 $19) 48... Rxf5 49. Qxb4 $18) 46. Nf5+ Kf7 47. Nxh6+ Ke8 48. Nf5 Qg6 (48... Kd8 $1 $11) 49. Qa8+ $14 Kd7 50. Qa4+ Kd8 $1 (50... Ke6 $6 51. Ne3 $16) 51. Qa8+ Kd7 52. Ne3 $1 Qf7 (52... Ke6 $6 53. Qa4 $16) (52... Qe8 $14 53. Qb7+ Ke6) 53. Qb7+ $16 Rc7 54. Qxb4 (54. Qb5+ $16 Kc8 55. Qa6+ (55. Bd2 Qf3 $14) 55... Kd7 56. Qa4+ Kd8 57. Qa8+ Rc8 58. Qa6) 54... Qf3 $1 $14 55. Qxa3 Rb7+ 56. Ka1 Qh1 57. Nc4 Qd1 58. Na5 Rb5 59. Nb3 {Black must now prevent Qa4.} Qxc2 60. Qa4 Qc3+ 61. Kb1 Qb4 62. Qa7+ Rb7 63. Qf2 Qe4+ 64. Kb2 Ke6 65. Bd2 Rc7 66. Ba5 Rg7 67. Ka3 Rg2 68. Qf8 Qc6 69. Qh6+ Kf5 70. Qh5+ Ke6 71. Qh6+ Kd5 72. Qe3 Qc2 73. Bd2 {Strongly threatening Qf3+.} Rg4 ({Black should play} 73... Rg7 $11) 74. Qf3+ Qe4 75. Qf7+ Kc6 76. Na5+ ({Much less strong is} 76. Qe8+ Kd5 $16) (76. Qe7 $14) 76... Kc5 {[#]} (76... Kb6 $11) 77. Nb3+ (77. Qb3 $1 $16 {Hoping for Be3+.} d5 78. Qc3+ Kd6 79. Nb7+ (79. Qc6+ Ke7 $16) 79... Ke7 80. Qc5+ (80. Qc7+ Kf6 81. Qd8+ Kg7 82. Qe7+ Kg6 83. Qd6+ Kh7 84. Qh6+ Kg8 85. Qe6+ Kh7 $14) 80... Kd7 81. Qd6+ Kc8 82. Qc6+ Kb8 83. Na5) 77... Kb6 $2 {[%mdl 8192]} (77... Kc6 $11 {and Black stays safe.}) 78. Ba5+ $2 (78. Qd7 $18 {White wants to mate with Ba5+.} Rg6 79. Qe8) 78... Kc6 79. Qe8+ Kd5 80. Qf7+ Kc6 81. Qe8+ (81. Qc7+ $11 Kd5 82. Qf7+ Kc6) 81... Kd5 $16 {[#]} 82. Qf7+ ({Better is} 82. Bd2 $1 $16) 82... Kc6 $11 83. Qc7+ Kd5 84. Qf7+ 1/2-1/2

[Event "BL 2016-17"]
[Site "Jenbach"]
[Date "2017.04.22"]
[Round "11"]
[White "Brkic, Ante"]
[Black "Henrichs, Thomas"]
[Result "1-0"]
[WhiteElo "2560"]
[BlackElo "2495"]
[Annotator "TA"]
[PlyCount "49"]
[EventDate "2017.??.??"]
[EventCountry "AUT"]
[SourceTitle "playchess.com"]
[Source "ChessBase"]
[SourceQuality "1"]
[WhiteTeam "St. Veit"]
[BlackTeam "Bregenz"]

{[%evp 11,49,15,18,24,25,17,33,16,50,4,74,85,75,-41,-43,-42,41,10,59,56,46,-1,60,3,7,0,321,339,312,313,309,291,268,276,841,836,887,581,29990,29991]} 1. e4 e5 2. Nf3 Nc6 3. Bc4 Bc5 4. O-O Nf6 5. d3 {[%cal Bd2d3,Bd3d4][%mdl 32]} d6 6. c3 a6 7. a4 {C54: Giuoco Piano: 4 c3 Nf6, main lines with 5 d4 and 5 d3} Ba7 8. Re1 O-O 9. h3 {White is slightly better.} Kh8 $146 (9... Ne7 10. d4 Ng6 11. Nbd2 c6 12. Bf1 a5 13. dxe5 dxe5 14. Qc2 Be6 15. Nc4 Qc7 {½-½ (84) Carlsen,M (2853)-Karjakin,S (2772) New York 2016}) 10. d4 Nxe4 (10... exd4 $11 11. cxd4 (11. Nxd4 Nxe4 12. Rxe4 d5 13. Nxc6 bxc6 $15) 11... Nxe4) 11. Rxe4 $16 d5 12. Re1 (12. Nxe5 $16 dxc4 13. Nxc4) 12... dxc4 $15 13. Nxe5 Na5 (13... Nxe5 $15 14. dxe5 (14. Rxe5 c5 $15) 14... Qxd1 15. Rxd1 Be6) 14. Qh5 Be6 15. Nd2 {Black must now prevent Ne4.} (15. Bg5 Qe8 16. Bf4 c5 $11) 15... Kg8 16. Ndf3 {aiming for Ng5.} Nb3 ({Black should play} 16... f6 $11 17. Nc6 bxc6 18. Rxe6 Nb3) 17. Ng5 ({White should try} 17. Re4 $14 Nxa1 18. Rh4 Qxh4 19. Nxh4) 17... Bf5 $1 $11 18. Ngxf7 $40 {[%mdl 128] White has some attack.} Qc8 $2 {[%mdl 8192] [#]} (18... Qf6 $1 $11 {and Black is okay.} 19. Bg5 Qe6) 19. Nh6+ $1 $18 gxh6 20. Bxh6 {Qg5+ would kill now.} Qe6 21. Qg5+ (21. Bxf8 Rxf8 22. Rad1 Bc2 $16) 21... Bg6 22. Bxf8 Nxa1 $2 {[#]} (22... Rxf8 23. Ng4 (23. Nxg6 Qxg6 24. Qxg6+ hxg6 $16) 23... Qd6) 23. Bh6 ({Inferior is} 23. Rxa1 Rxf8 24. Re1 Qf5 25. Qxf5 Rxf5 26. Nxc4 c5 $17) 23... Nc2 24. Re4 ({Not} 24. Rc1 Nxd4 25. cxd4 Bxd4 26. Nxc4 c5 $16) 24... Kh8 25. Nxg6+ 1-0

[Event "BL 2016-17"]
[Site "Germany"]
[Date "2017.04.08"]
[Round "11"]
[White "Ftacnik, Lubomir"]
[Black "Womacka, Mathias"]
[Result "1/2-1/2"]
[WhiteElo "2554"]
[BlackElo "2428"]
[Annotator "TA"]
[PlyCount "110"]
[EventDate "2017.??.??"]
[EventType "team-tourn"]
[EventCountry "GER"]
[SourceTitle "playchess.com"]
[Source "ChessBase"]
[SourceQuality "1"]
[WhiteTeam "Hamburger SK"]
[BlackTeam "Schwäbisch Hall"]

{[%evp 34,110,28,29,37,25,32,29,29,29,30,14,43,10,15,0,6,0,0,5,0,0,0,0,0,0,0,-5,0,0,0,0,0,-7,0,0,0,0,0,0,0,-32,-25,-104,-114,-127,0,0,0,0,0,0,0,0,0,0,0,-61,-55,-51,9,-62,-65,-65,-39,-47,-35,-50,-31,-35,-26,-42,-26,-26,-26,-26,-26,-26,-26]} 1. Nf3 c5 2. c4 Nf6 3. Nc3 e6 4. g3 b6 5. Bg2 Bb7 6. O-O Be7 7. d4 cxd4 8. Qxd4 d6 9. Bg5 a6 10. Bxf6 Bxf6 11. Qf4 O-O 12. Rfd1 Be7 13. Ne4 Bxe4 14. Qxe4 Ra7 15. Nd4 {A30: Symmetrical English: Double Fianchetto and Hedgehog} Qc8 16. b3 Re8 17. a4 Qc5 18. Ra2 {LiveBook: 8 Games} Bf8 19. Qb1 a5 20. Rad2 g6 21. Nb5 $146 {[%cal Bd4b5,Bb5c3,Bc3e4,Be4g5][%mdl 32]} (21. Qe4 Rd7 22. Nb5 Red8 {½-½ (31) Zorko,J (2460)-Markus,R (2625) Ljubljana 2012}) 21... Rd7 22. Nc3 Qe5 23. Ne4 Red8 (23... d5 $6 24. cxd5 exd5 25. Rxd5 $1 $16 {[%mdl 512]}) 24. h4 Na6 25. Kh2 Nb4 26. f4 Qg7 27. Ng5 Be7 28. Nf3 Bf6 29. e4 Bc3 30. Re2 Na6 31. Qc1 Nc5 32. Qe3 h6 33. g4 (33. Rc2 $5 {looks sharper.} Bf6 34. Bh3 h5 35. Kg1 Bb2 36. Bg2) 33... d5 34. cxd5 exd5 35. Rxd5 Rxd5 36. exd5 Rxd5 37. Qe8+ Qf8 $1 38. Qb5 {[#]} (38. Ng5 Rd2 39. Nf3 Rb2 $17) (38. Bf1 $11) 38... Qd6 $1 $17 {[%cal Rd6f4]} 39. Ne5 Rd4 (39... Rxe5 $17 40. Rxe5 (40. fxe5 Bxe5+ 41. Kh3 Nd3 42. Rxe5 Nxe5 $17) 40... Bxe5 41. Qe8+ Kg7 42. Qxe5+ Qxe5 43. fxe5 Nxb3) 40. Qe8+ $11 Qf8 41. Nxg6 Qxe8 42. Rxe8+ Kh7 $1 43. Ne7 Bd2 $1 (43... Rd2 $6 44. Rf8 $16) 44. f5 Rxg4 45. Rf8 ({Reject} 45. Nd5 Rxh4+ 46. Kg1 (46. Kg3 Bg5 47. Nxb6 Rb4 $17) 46... Bg5 47. Nxb6 Kg7 $17) ({White should play} 45. Kh3 $11 Rd4 46. Nd5) 45... Rxh4+ $15 46. Kg3 Be1+ 47. Kf3 Kg7 ({Not} 47... Nxb3 $2 48. Rxf7+ Kh8 49. f6 Nd4+ 50. Ke3 Nc2+ 51. Ke2 (51. Kd3 Rd4+ 52. Kxc2 Rd2+ 53. Kb3 Rxg2 $11) 51... Nd4+ 52. Kxe1 $18) 48. Rb8 Kf6 49. Nd5+ Ke5 50. Nxb6 {Strongly threatening Re8+.} Rf4+ 51. Ke2 Bh4 {Threatens to win with ...Rf2+.} 52. Nc4+ Kd4 {Hoping for ...Rf2+.} 53. Bf3 $1 {[#]Black has an edge.} Nxa4 $1 {[%mdl 512]} 54. bxa4 Kxc4 55. Rb5 f6 1/2-1/2

[Event "BL 2016-17"]
[Site "Jenbach"]
[Date "2017.04.22"]
[Round "11"]
[White "Sebenik, Matej"]
[Black "Baenziger, Fabian"]
[Result "1-0"]
[WhiteElo "2540"]
[BlackElo "2341"]
[Annotator "TA"]
[PlyCount "131"]
[EventDate "2017.??.??"]
[EventCountry "AUT"]
[SourceTitle "playchess.com"]
[Source "ChessBase"]
[SourceQuality "1"]
[WhiteTeam "Feffernitz"]
[BlackTeam "Hohenems"]

{[%evp 18,131,53,48,51,39,56,52,64,62,70,69,75,83,80,76,100,54,71,40,71,90,89,87,80,93,112,54,47,47,53,44,56,52,41,35,40,39,39,39,51,46,106,99,108,95,89,57,90,6,8,12,42,42,42,42,42,42,42,43,56,0,37,0,56,0,47,36,87,8,8,8,8,8,8,8,8,8,79,52,159,170,400,77,77,88,111,100,243,236,236,236,229,228,219,209,394,386,715,693,660,650,534,508,1160,972,986,972,950,829,29970,29965,29974,29977,29976,29978]} 1. Nf3 Nf6 2. c4 d6 3. d4 Nbd7 4. Nc3 e5 5. e4 g6 6. Be2 Bg7 7. O-O O-O 8. Be3 Ng4 9. Bg5 {E94: King's Indian: Classical: 6 Be2 e5 7 0-0: Various Black 7th moves} Bf6 (9... f6 10. Bc1 Nh6 11. dxe5 dxe5 12. h3 Nf7 13. a3 c6 14. b4 Qe7 15. Be3 Rd8 16. Qc2 Nf8 17. Rad1 Be6 18. c5 f5 19. Bc1 {0-1 (50) Jumabayev,R (2611)-Amonatov,F (2620) Doha 2016}) 10. Bxf6 {LiveBook: 3 Games} Ngxf6 11. Re1 {White is slightly better.} c6 12. Bf1 $146 (12. Qd2 Kg7 13. Rad1 Qe7 14. Bf1 Re8 15. d5 c5 16. Nb5 Nf8 {0-1 (41) Ghyselen,W (1787)-Blom,Y Gent 2008}) 12... Qe7 13. Qd2 Re8 14. Rad1 Nf8 15. h3 Kg7 16. b4 b6 17. Qb2 Bb7 18. a4 N6d7 19. c5 dxc5 (19... exd4 $2 20. Nxd4 (20. Rxd4 bxc5 21. bxc5 Nxc5 $15) 20... Kg8 21. cxd6 Qxd6 22. Ndb5 $18) 20. bxc5 (20. dxc5 $6 bxc5 21. b5 Ne6 $11) 20... Ne6 21. cxb6 (21. Nxe5 Nxe5 22. dxe5 Qxc5 $11) 21... axb6 22. Nxe5 (22. dxe5 $16 Kg8 23. Rd2) 22... Nxe5 $14 23. dxe5 Qc5 24. Rc1 {aiming for Nd5.} Qxe5 25. Qxb6 Reb8 $1 26. Qe3 Ba6 27. Bxa6 Rxa6 28. Rb1 Rxb1 29. Rxb1 Nf4 ({Black should try} 29... Ra5 $14) 30. g3 $16 Ne6 31. Kg2 Ra5 32. f4 Qc5 33. Kf2 ({Better is} 33. Qxc5 $16 Rxc5 34. Rc1) 33... Qc4 $11 34. Rc1 Nc5 35. Kf3 Nd3 36. Rd1 Qxc3 37. Rxd3 $14 {[%mdl 4096] Endgame KQR-KQR} Qc2 $1 38. Qd4+ Kg8 39. Qd8+ Kg7 40. Qd4+ Kg8 41. Qd8+ Kg7 42. f5 Qc5 (42... Rxa4 43. f6+ (43. fxg6 hxg6 44. e5 Qc4 $17) 43... Kh6 44. Qf8+ Kh5 45. g4+ Kg5 46. h4+ $1 {[%mdl 512]} Kxf6 47. g5+ Ke6 48. Qe8#) (42... Qb1 $14) 43. Qd4+ (43. h4 $16 {f6+ would kill now.} Rxa4 44. h5) 43... Qxd4 $11 44. Rxd4 gxf5 45. exf5 Rxf5+ {KR-KR} 46. Ke4 Rc5 47. Kd3 Rc1 (47... Ra5 $11 {remains equal.}) 48. Rc4 Ra1 ({Black should play} 48... Rg1 $1 $14) 49. Kc2 (49. Rxc6 Rxa4 50. Ke2 f6 $11) 49... Ra3 $2 (49... Rg1 {is a better defense.} 50. g4 (50. Rxc6 Rxg3 51. Rc3 Rg2+ 52. Kb3 f5 $16) 50... Rh1) 50. Rg4+ $2 ({Inferior is} 50. Rxc6 Rxa4 51. Kd3 Ra3+ 52. Rc3 Rxc3+ 53. Kxc3 h5 $11) (50. Kb2 $1 $18 {[%cal Rb2a3] and the rest is easy.} Rxg3 51. Rc3 (51. Rxc6 Rxh3 52. a5 Rh5 $11)) 50... Kf6 $16 51. Kb2 Re3 52. a5 {And now a6 would win.} Re2+ {[#]} (52... h5 $16 53. Rc4 Rxg3) 53. Kb3 $1 $18 {Strongly threatening a6.} Re3+ 54. Kb4 {a6 is the strong threat.} Re1 {[#]} 55. Rc4 $1 Rb1+ 56. Kc3 Ke7 $2 (56... Ke5 57. Ra4 Kd6) 57. Ra4 Rb7 $2 (57... Kd6 58. a6 Rb8) 58. a6 Ra7 59. Kb4 Kd6 60. Ka5 Kc5 (60... Kc7 $142 61. Rh4 Ra8 62. Rxh7 Rc8) 61. Rf4 Re7 62. Rf5+ Kd4 63. Kb6 Ke4 64. Rf4+ {White mates.} Ke3 65. a7 Re8 66. Rxf7 1-0

[Event "BL 2016-17"]
[Site "Germany"]
[Date "2017.04.08"]
[Round "11"]
[White "Bobras, Piotr"]
[Black "Hausrath, Daniel"]
[Result "1/2-1/2"]
[WhiteElo "2522"]
[BlackElo "2479"]
[Annotator "TA"]
[PlyCount "70"]
[EventDate "2017.??.??"]
[EventType "team-tourn"]
[EventCountry "GER"]
[SourceTitle "playchess.com"]
[Source "ChessBase"]
[SourceQuality "1"]
[WhiteTeam "SG Trier"]
[BlackTeam "Mülheim Nord"]

{[%evp 26,70,34,25,43,18,43,39,69,67,78,18,12,0,102,127,127,124,117,102,92,87,78,65,56,58,66,69,113,118,122,69,109,2,13,8,13,0,0,0,0,0,0,0,0,0,0]} 1. e4 c5 2. Nf3 Nc6 3. d4 cxd4 4. Nxd4 g6 5. c4 Bg7 6. Be3 Nf6 7. Nc3 O-O 8. Be2 d6 9. O-O Bd7 10. f3 Nxd4 11. Bxd4 a5 {B38: Sicilian: Maroczy Bind with 5...Bg7 and 7...0-0} 12. c5 (12. b3 Bc6 13. Qd2 Nd7 14. Be3 Nc5 15. Rab1 Qb6 16. Rfc1 Rfc8 17. Rc2 Qb4 18. Qc1 Qb6 19. Kh1 h5 20. a3 Qd8 21. Qd2 Kh7 22. Bf1 Qf8 23. b4 axb4 24. axb4 Na4 25. Ne2 {1-0 (55) Navara,D (2734)-Mamedov,R (2650) Huaian 2016}) 12... dxc5 13. Bxc5 Rc8 14. Be3 {LiveBook: 6 Games} Be6 15. Qa4 Nd7 16. Rfd1 Qc7 17. Rac1 Nc5 $146 18. Qa3 (18. Qb5 $16 {Na4 is the strong threat.} Bxc3 19. Rxc3) 18... b6 $1 $11 19. Na4 {[%cal Ra4c5]} Be5 (19... Qa7 $1 $11 {keeps the balance.}) 20. Nxc5 $16 bxc5 21. Rxc5 Qb8 {[#]} 22. Rb5 $1 {[%cal Rb5b8]} (22. Rxa5 $6 Bxh2+ 23. Kf1 Bd6 $11) 22... Bxh2+ 23. Kh1 Qc7 ({But not} 23... Qg3 $2 24. Qxe7 (24. Rg5 $2 Qh4 25. e5 Bf4+ 26. Kg1 Qxg5 $19) 24... Bh3 25. Bf1 $18 (25. gxh3 Qxh3 26. Qd7 f5 $18)) 24. Rc5 Qb8 25. Rxc8 ({Of course not} 25. Rxa5 Bd6 26. Bc5 Rxc5 27. Rxc5 Bxc5 28. Qxc5 Qxb2 $11) 25... Rxc8 26. Qxe7 Be5 {[#]} 27. b3 $1 Kg7 28. Bc4 (28. Qg5 $16) 28... Re8 29. Qa7 (29. Qh4 $16 {Threatens to win with Bxe6.} Bxc4 30. Bh6+ (30. bxc4 h5 $16) 30... Kg8 31. bxc4) 29... Bxc4 $1 $11 {The position is equal.} 30. bxc4 Rd8 $1 {[%cal Rd8d1]} 31. Rxd8 Qxd8 32. f4 Qh4+ 33. Kg1 Qe1+ 34. Kh2 {And now Bf2 would win.} Qh4+ 35. Kg1 Qe1+ 1/2-1/2

[Event "BL 2016-17"]
[Site "Germany"]
[Date "2017.04.08"]
[Round "11"]
[White "Werle, Jan"]
[Black "Neef, Maximilian"]
[Result "1/2-1/2"]
[WhiteElo "2522"]
[BlackElo "2438"]
[Annotator "TA"]
[PlyCount "49"]
[EventDate "2017.??.??"]
[EventType "team-tourn"]
[EventCountry "GER"]
[SourceTitle "playchess.com"]
[Source "ChessBase"]
[SourceQuality "1"]
[WhiteTeam "Werder Bremen"]
[BlackTeam "TU Dresden"]

{[%evp 23,49,54,54,47,93,69,95,65,69,51,87,8,76,0,0,0,0,0,0,-44,-27,-35,-25,-46,-37,-51,-33,-46]} 1. d4 Nf6 2. c4 g6 3. Nc3 Bg7 4. e4 d6 5. Nf3 O-O 6. Be2 e5 7. O-O Nc6 8. d5 Ne7 9. b4 a5 10. bxa5 c5 11. a4 Rxa5 {E97: King's Indian: Classical Main Line (6...e5 7 0-0 Nc6): 8 Be3 and 8 d5 Ne7, not 9 Ne1} 12. Bd2 Ra6 {LiveBook: 10 Games} 13. Ra3 $146 (13. Rb1 Ne8 14. Rb2 h6 15. Qc1 g5 16. Be3 f5 17. exf5 Nxf5 18. Nd2 Nf6 {½-½ (50) Hansen,S (2595)-Saric,I (2668) Baku 2016}) 13... Kh8 {White is slightly better.} 14. Qb1 Neg8 15. Ne1 Nd7 16. Nd3 f5 17. f4 (17. exf5 $16 gxf5 18. Ra2) 17... Qe7 {[#]} (17... Nh6 $11 {remains equal.}) 18. fxe5 (18. exf5 $1 $16 Nb6 19. Qb3) 18... Nxe5 $11 19. Nf4 fxe4 20. Nxe4 Ra8 21. Ng3 Nh6 22. h3 Nf5 23. Nxf5 Bxf5 24. Qc1 b6 25. a5 1/2-1/2

[Event "BL 2016-17"]
[Site "Jenbach"]
[Date "2017.04.22"]
[Round "11"]
[White "Dragnev, Valentin"]
[Black "Lendwai, Reinhard"]
[Result "0-1"]
[WhiteElo "2520"]
[BlackElo "2367"]
[Annotator "TA"]
[PlyCount "93"]
[EventDate "2017.??.??"]
[EventCountry "AUT"]
[SourceTitle "playchess.com"]
[Source "ChessBase"]
[SourceQuality "1"]
[WhiteTeam "Wien-SK Ottakring"]
[BlackTeam "Nickelsdorf"]

{[%evp 30,93,62,27,103,97,133,46,60,41,75,50,39,34,41,32,38,39,29,43,57,56,51,50,52,44,64,14,6,0,52,-57,-43,-39,-41,-54,-45,-142,0,0,0,0,0,-737,-737,-732,-731,-721,-729,-729,-729,-729,-708,-690,-667,-608,-408,-431,-388,-916,-900,-833,-825,-29977,-29976,-2035]} 1. Nf3 d5 2. c4 c6 3. e3 Nf6 4. Nc3 e6 5. d4 Nbd7 6. Bd3 dxc4 7. Bxc4 b5 8. Bd3 a6 9. e4 {[%cal Be3e4,Be4e5][%mdl 32]} c5 10. e5 cxd4 11. Nxb5 axb5 12. exf6 Qb6 13. fxg7 Bxg7 14. O-O Bb7 15. Re1 O-O 16. Bf4 {LiveBook: 30 Games. D49: Semi-Slav: Meran System: Main line with 9 e4 c5 10 e5 cxd4 11 Nxb5} f6 $146 {[#]} (16... Bd5 $11) (16... Bd5 17. Ne5 Nxe5 18. Bxe5 Bxe5 19. Bxh7+ Kxh7 20. Qh5+ Kg7 21. Qg5+ Kh7 22. Qh5+ Kg8 23. Rxe5 Rfb8 24. Qh6 f5 25. Qg6+ Kf8 26. Qf6+ Kg8 27. Qg6+ Kf8 28. Qf6+ {½-½ (28) Matlak,M (2480)-Bobras,P (2561) Karpacz 2008}) 17. Nxd4 $1 $16 {[%mdl 512]} Nc5 (17... Qxd4 18. Bxh7+) 18. Nb3 ({Much worse is} 18. Bxb5 $6 Rad8 $11) (18. Nxe6 $16 Nxe6 19. Qb3) 18... Nxd3 $14 19. Qxd3 e5 20. Bd2 (20. Be3 $5 {looks sharper.} Qc6 21. f3 Rfd8 22. Qe2 Qc4 23. Qf2) 20... Rfd8 21. Qg3 Kh8 22. Be3 Qc7 23. Nc5 Bd5 24. Qh3 Qf7 25. a3 f5 26. f3 Rd6 27. Rad1 Rad8 28. Qh4 Rg8 29. Kh1 Rg6 (29... Bf8 $11) 30. Qf2 (30. Rd2 $14) 30... Bf6 31. Rg1 $1 f4 32. Bc1 $1 Rh6 $1 {[%cal Rh6h2]} 33. Rgf1 {[#]} (33. h3 $1 $15) 33... Rxh2+ ({Better is} 33... Rg5 $1 $17 {aiming for ...Rgh5.} 34. Ne4 Rgh5) 34. Kxh2 $11 {Black must now prevent Kg1.} Qh5+ $1 35. Kg1 Bh4 $1 $40 {[%cal Rh4g3][%mdl 128] Black has some attack.} 36. Rxd5 $4 {[%mdl 8192]} (36. Qxh4 $11 Qxh4 37. Rxd5 Rxg2+ 38. Kxg2 Qg3+ 39. Kh1 Qh4+ 40. Kg2 Qg3+ 41. Kh1 Qh4+ 42. Kg2) 36... Bg3 $19 37. Qxg3 fxg3 {[%csl Gg3][%cal Rh5h2]} 38. Rfd1 Qh2+ 39. Kf1 Qh1+ 40. Ke2 Qxg2+ 41. Ke3 Qf2+ 42. Ke4 g2 {And now ...Rf8 would win.} 43. Be3 Qe2 ({Not} 43... Qxb2 44. Nd7 $17) 44. R5d2 $2 (44. Rc1 g1=Q 45. Rxg1 Rxg1 46. Nd3) 44... Qc4+ 45. Kxe5 Re8+ 46. Kf6 Qg8 {[%csl Gh7][%cal Rg8g6]} 47. Kf5 0-1

[Event "BL 2016-17"]
[Site "Jenbach"]
[Date "2017.04.22"]
[Round "11"]
[White "Schneider, Ilja"]
[Black "Krassowizkij, Jaroslaw"]
[Result "1-0"]
[WhiteElo "2518"]
[BlackElo "2454"]
[Annotator "TA"]
[PlyCount "49"]
[EventDate "2017.??.??"]
[EventCountry "AUT"]
[SourceTitle "playchess.com"]
[Source "ChessBase"]
[SourceQuality "1"]
[WhiteTeam "Wulkaprodersdorf"]
[BlackTeam "Götzis"]

{[%evp 15,49,16,23,19,57,32,62,53,81,74,77,57,108,84,147,99,136,125,111,102,173,189,237,244,282,247,422,412,408,402,456,487,451,458,525,529]} 1. d4 d5 2. c4 dxc4 3. Nf3 Nf6 4. e3 e6 5. Bxc4 c5 6. O-O a6 7. b3 cxd4 {D27: Queen's Gambit Accepted: Classical main line: 7 e4!? and 7 a4} 8. Qxd4 (8. Nxd4 Bd7 9. Bb2 Nc6 10. Nf3 Be7 11. Nbd2 O-O 12. Rc1 Rc8 13. Qe2 Nb4 14. a3 b5 15. axb4 bxc4 16. Nxc4 Bxb4 {½-½ (58) Giri,A (2771)-Caruana,F (2823) London 2016}) 8... Qxd4 {LiveBook: 4 Games} 9. Nxd4 Bd6 {The position is equal.} 10. Bb2 Ke7 11. Nd2 Nbd7 $146 (11... b5 12. Be2 Bb7 13. a4 b4 14. Nc4 Bc7 15. a5 Nbd7 16. Nc2 Nc5 17. Nxb4 Nxb3 {½-½ (40) Semcesen,D (2351)-Rasmussen,A (2510) Ballerup 2008}) 12. Be2 Nb6 13. N4f3 Bd7 (13... Rd8 $14) 14. e4 $36 {[%cal Be3e4,Be4e5][%mdl 2080] [#] And now e5 would win. White is really pushing.} Nh5 ({Black should play} 14... Bb8) 15. g3 Bb5 16. Nc4 Bxc4 17. bxc4 Rhc8 (17... Na4 $16 {is a better defense.}) 18. e5 $18 Bb4 19. Rab1 {[#] Threatens to win with Bd4.} Na4 20. Bd4 Nc3 $2 (20... Bc5 21. Rxb7+ Kf8) 21. Bxc3 ({Weaker is} 21. Rxb4 Nxe2+ 22. Kg2 b5 $16) 21... Bxc3 22. Rxb7+ ({Don't do} 22. Ng5 Rab8 23. Bxh5 Bxe5 $18) 22... Ke8 23. Ng5 {White is clearly winning.} g6 24. Nxf7 Rcb8 25. Rfb1 1-0